000 00654nam a2200241Ia 4500
001 5896
005 20240113233853.0
007 ta
008 050623s1963 a g b000 u eng u
020 _cPB
040 _aCotton College Assam
041 _aeng
082 _a823.09
_bF 752 D
100 _aFord, George H. .
245 0 _aThe Dickens Critics /
_cGeorge H. Ford, lauriat lane.
_hTextual Documents
260 _aNew York :
_bCornel Universsity Press ,
_c1963.
300 _ax, 417p. :
_bill. ;
_c23cm .
504 _aBib, Index
653 _aEnglish-Fiction-Criticism
942 _2ddc
_cBK
999 _c5883
_d5883